Minecraft Analogies #3 - Statistics

General Stats
  • This quiz has been taken 4 times
  • The average score is 7 of 20
Answer Stats
This is to this ... As ... % Correct
Baked is to potato {Dried} is to kelp
100%
Brute is to Piglin Glow is to {Squid}
100%
Computer is to Java Playstation is to {Bedrock}
100%
Pumpkin is to Pumpkin Pie Cocoa Beans is to {Cookie}
50%
Blue is to soul {Green} is to copper
50%
Zombie is to Horse {Husk} is to Camel
50%
Healing is to Witch {Invisibility} is to Wandering Trader
50%
Density is to Mace {Lunge} is to Spear
50%
Mellohi is to C418 Otherside is to {Lena} {Raine}
50%
One is to sugar Three is to {Paper}
50%
Eye is to Ender Totem is to {Undying}
50%
Clay ball is to Brick Clay is to {Terracotta}
0%
Gunpowder is to Splash Dragon's Breath is to {Lingering}
0%
Iron is to bucket Glass is to {Glass} {Bottle}
0%
Item Frame is to leather {Painting} is to wool
0%
Tulip is to weakness Poppy is to {Speed}
0%
Cobblestone is to stone Stone is to {Smooth} {Stone}
0%
Turtle is to turtle egg Tadpole is to {Frogspawn}
0%
Sand is to Wither {Tuff} is to Breeze
0%
Netherite is to Fire {Wither} {Star} is to Explosion
0%
No matching quizzes found
Score Distribution
Percent of People with Each Score
Percentile by Number Answered
Your Score History
You have not taken this quiz